| 000 | 00517nam a2200133Ia 4500 | ||
|---|---|---|---|
| 008 | 170221s9999 xx 000 0 und d | ||
| 100 | _aRoss Coker | ||
| 245 | _aNote: A Series of (Inseparable) Tubes? “New Media” Streaming and the Impact of In re. Pandora Media, Related Decisions, and Performance Licensing in the Internet Era | ||
| 245 | _cRoss Coker | ||
| 260 | _c2016 | ||
| 300 | _a5 : 1 | ||
| 650 | _xBusiness | ||
| 856 | _uhttp://digitalcommons.pepperdine.edu/cgi/viewcontent.cgi?article=1132&context=jbel | ||
| 999 |
_c313458 _d313458 |
||